| 000 | 00631nam a22001817a 4500 | ||
|---|---|---|---|
| 003 | OSt | ||
| 005 | 20260308122124.0 | ||
| 008 | 260308b |||||||| |||| 00| 0 eng d | ||
| 020 | _a9781350253148 | ||
| 040 | _cn | ||
| 082 | _a720.1 M34 2023 | ||
| 100 | _aMalpas, Jeff | ||
| 245 |
_aRethinking Dwelling: Heidegger, Place, Architecture / _cJeff Malpas |
||
| 260 | _bLondon. Bloomsbury Academic. 2023 | ||
| 300 | _a256 pages : illustrations ; 23 cm | ||
| 650 | _aArchitecture—Philosophy — Heidegger, Martin—Influence — Architectural theory — Place (Philosophy) — Phenomenology and architecture | ||
| 942 |
_2ddc _cBK-EN _n0 |
||
| 999 |
_c8587 _d8587 |
||